Ibn Khaldun, His Life and Work (Record no. 5346)

MARC details
000 -LEADER
fixed length control field 00634nam a2200253 a 4500
020 ## - INTERNATIONAL STANDARD BOOK NUMBER
ISBN
082 00 - DEWEY DECIMAL CLASSIFICATION NUMBER
Classification number 928
Author Cutter ENA
100 ## - MAIN ENTRY--AUTHOR NAME
Author name Enan, Muhammad Abdullah
245 ## - TITLE STATEMENT
Title Ibn Khaldun, His Life and Work
260 ## - PUBLICATION, DISTRIBUTION, ETC. (IMPRINT)
Place of publication Lahore
Name of publisher Sh. Muhammad Ashraf
Year of publication 1941
300 ## - PHYSICAL DESCRIPTION
Number of Pages 220p
500 ## - GENERAL NOTE
General note includes index and biblioraphy
505 2# - FORMATTED CONTENTS NOTE
Formatted contents note Index
650 ## - SUBJECT ADDED ENTRY--TOPICAL TERM
Topical Term Biography-Ibn Khaldun
650 ## - SUBJECT ADDED ENTRY--TOPICAL TERM
Topical Term Biography-Historians
942 ## - ADDED ENTRY ELEMENTS (KOHA)
Koha item type Books
700 1# -
-- Enan, Muhammad Abdullah
Holdings
Home library Current library Date acquired Cost, normal purchase price Full call number Accession Number Koha item type
Henry Martyn Institute Library Henry Martyn Institute Library   100.00 928 ENA 00423 E-Books
Henry Martyn Institute Library Henry Martyn Institute Library   100.00 928 ENA 09856 E-Books
                   Copyright © 2026 | Henry Martyn Institute | Hyderabad | TS-500052 | INDIA | Implemented by hmi.edu.in
Hit-Count:

Powered by Koha